| 000 | 02071nam a2200457 i 4500 | ||
|---|---|---|---|
| 001 | ebr10958859 | ||
| 003 | CaPaEBR | ||
| 006 | m o d | ||
| 007 | cr cn||||||||| | ||
| 008 | 141108t20122012ne ab o 000 0 eng d | ||
| 020 | _z9789004207059 | ||
| 020 | _a9789004230361 (e-book) | ||
| 040 |
_aCaPaEBR _beng _erda _epn _cCaPaEBR |
||
| 035 | _a(OCoLC)896842972 | ||
| 043 | _ae------ | ||
| 050 | 1 | 4 |
_aHM681 _b.A85 2012eb |
| 082 | 0 | 4 |
_a303.37209409049 _223 |
| 245 | 0 | 0 |
_aAtlas of European values : _btrends and traditions at the turn of the century / _c[compiled and edited by] Loek Halman, Inge Sieben and Marga van Zundert. |
| 264 | 1 |
_aLeiden, Netherlands : _bKoninklijke Brill, _c2012. |
|
| 264 | 4 | _c�2012 | |
| 300 |
_a1 online resource (152 pages) : _billustrations (some color), maps (some color). |
||
| 336 |
_atext _2rdacontent |
||
| 337 |
_acomputer _2rdamedia |
||
| 338 |
_aonline resource _2rdacarrier |
||
| 490 | 1 | _aEuropean Values Studies | |
| 588 | _aDescription based on print version record. | ||
| 590 | _aElectronic reproduction. Palo Alto, Calif. : ebrary, 2014. Available via World Wide Web. Access may be limited to ebrary affiliated libraries. | ||
| 650 | 0 |
_aSocial values _zEurope _xPublic opinion _vMaps. |
|
| 650 | 0 |
_aValues _zEurope _xPublic opinion _vMaps. |
|
| 650 | 0 |
_aEuropeans _xAttitudes _vMaps. |
|
| 650 | 0 |
_aPublic opinion _zEurope _vMaps. |
|
| 650 | 0 |
_aGroup identity _zEurope _vMaps. |
|
| 655 | 0 | _aElectronic books. | |
| 700 | 1 |
_aZundert, Marga van, _ecompiler, _eeditor. |
|
| 700 | 1 |
_aSieben, Inge Josephina Petra, _d1973- _ecompiler, _eeditor. |
|
| 700 | 1 |
_aHalman, Loek, _ecompiler, _eeditor. |
|
| 776 | 0 | 8 |
_iPrint version: _tAtlas of European values : trends and traditions at the turn of the century. _dLeiden, Netherlands : Koninklijke Brill, c2012 _hxi, 141 pages _kEuropean values studies. _z9789004207059 _w2012392375 |
| 797 | 2 | _aebrary. | |
| 830 | 0 | _aEuropean values studies. | |
| 856 | 4 | 0 |
_uhttp://site.ebrary.com/lib/rucke/Doc?id=10958859 _zAn electronic book accessible through the World Wide Web; click to view |
| 999 |
_c2118 _d2118 |
||